000
00270nam a2200085Ia 4500
245
0
_a
The complete oil painter : the essential reference source for artists
100
_a
GORST, Brian London, 2003
_9
78179
942
_c
BK
008
210817s9999 xx 000 0 und d
999
_c
269667
_d
269667